000 00444 a2200157 4500
999 _c5977
_d5977
020 _a9788131711040
050 _aT 57.6 TAH 2011
100 _aTaha, Hamdy
_eAuthor
245 _aOperations research:
_ban introduction /
_cHamdy A. Taha
250 _a8th ed.
264 _aIndia:
_bPearson Education,
_c2008
300 _axvi, 733p. :
_bill.
500 _aIncludes index
650 _aOperations research
942 _2lcc
_cBK
_e8th ed.
_h57.6
_iTAH
_kT